Real Madrid Squad 2018/2019 - Statistics

General Stats
  • This quiz has been taken 163 times
  • The average score is 19 of 26
Answer Stats
T-shirt number Answer % Correct
4 Sergio Ramos
98%
9 Karim Benzema
95%
1 Keylor Navas
95%
10 Luka Modric
95%
8 Toni Kroos
95%
2 Dani Carvajal
92%
11 Gareth Bale
91%
12 Marcelo
91%
5 Raphaël Varane
90%
14 Casemiro
87%
Coach Zinedine Zidane
86%
30 Luca Zidane
85%
20 Marco Asensio
83%
6 Nacho
77%
25 Thibaut Courtois
75%
22 Isco
73%
17 Lucas Vazquez
72%
28 Vinicius
71%
7 Mariano
63%
3 Jesus Vallejo
61%
24 Dani Ceballos
56%
15 Fede Valverde
55%
18 Marcos Llorente
44%
19 Alvaro Odriozola
34%
21 Brahim Diaz
34%
23 Sergio Reguilón
26%
No matching quizzes found
Score Distribution
Percent of People with Each Score
Percentile by Number Answered
Your Score History
You have not taken this quiz